| 000 | 00574nam a2200229Ia 4500 | ||
|---|---|---|---|
| 999 |
_c8964 _d8964 |
||
| 003 | 0100 | ||
| 005 | 20180117102641.0 | ||
| 008 | 130303s9999 xx 000 0 und d | ||
| 020 | _a882141090 | ||
| 040 | _cARRUPELIB | ||
| 050 | _aGR550 .F72 1974 | ||
| 100 |
_avon Franz, Marie-Louise _938551 |
||
| 245 | _aShadow and evil in fairy tales / | ||
| 260 |
_aZurich _bSpring Publications _c1974 |
||
| 300 | _a284 p. | ||
| 300 | _b 22 cm | ||
| 440 |
_aSeminar series , 9 _938552 |
||
| 650 |
_aFairy tales _xHistory and criticism _938553 |
||
| 650 |
_aFolklore _xMethodology _938554 |
||
| 650 |
_aSymbolism in fairy tales _938555 |
||
| 700 |
_aMarie-Lousie von Franz _938556 |
||
| 942 | 0 | 0 |
_01 _2lcc _cMONOGRAPH |